000 00240nam a2200097Ia 4500
082 _aLP EF LIPP
245 0 _aLife sentences
100 _a Lippman, Laura, Bath, 2009
_916279
942 _cBK
008 210816s9999 xx 000 0 und d
999 _c80229
_d80228